000 00399 a2200109 4500
001 ART_28221
005 20260410161817.0
008 260409a
245 1 0 _aFundamentos y debates acerca de la protección de las patentes de invención
100 1 _aKors, Jorge A.
773 0 _tRevista Juridica de Buenos Aires
_gTendencias actuales en propiedad intelectual (ene. 2013)
_wREV4315
999 _c22040
_d22040